Gminy powiatu radomskiego - Statystyki

Ogólne statystyki
  • Ten quiz został rozwiązany 219 razy
  • Średni wynik to 8 z 13
Statystyki odpowiedzi
Populacja Gmina % Poprawnych
14 455 Skaryszew
80%
12 889 Jedlnia-Letnisko
77%
18 846 Pionki (gmina miejska)
76%
10 039 Pionki (gmina wiejska)
76%
14 261 Jedlińsk
73%
14 978 Iłża
68%
7285 Przytyk
56%
8653 Gózd
55%
9912 Wierzbica
54%
13 222 Zakrzew
54%
8812 Wolanów
50%
12 247 Kowala
49%
6996 Jastrzębia
45%
Nie znaleziono quizów pasujących do podanych kryteriów
Rozkład punktacji
Procent ludzi z każdym wynikiem
Percentyl według liczby udzielonych odpowiedzi
Twoja historia wyników
Nie rozwiązałeś tego quizu